| 000 -LEADER |
| fixed length control field |
01771cam a22003857a 4500 |
| 001 - CONTROL NUMBER |
| control field |
13617255 |
| 003 - CONTROL NUMBER IDENTIFIER |
| control field |
NUST-PNEC |
| 005 - DATE AND TIME OF LATEST TRANSACTION |
| control field |
20170116180703.0 |
| 008 - FIXED-LENGTH DATA ELEMENTS--GENERAL INFORMATION |
| fixed length control field |
040607s2003 gw a b 000 0 eng d |
| 010 ## - LIBRARY OF CONGRESS CONTROL NUMBER |
| LC control number |
2004274728 |
| 015 ## - NATIONAL BIBLIOGRAPHY NUMBER |
| National bibliography number |
GBA3-Y5333 |
| 020 ## - INTERNATIONAL STANDARD BOOK NUMBER |
| International Standard Book Number |
3540434925 |
| 035 ## - SYSTEM CONTROL NUMBER |
| System control number |
(CStRLIN)CUBGGLAD185106332-B |
| 035 ## - SYSTEM CONTROL NUMBER |
| System control number |
(CU)GLAD185106332 |
| 040 ## - CATALOGING SOURCE |
| Original cataloging agency |
*UKM* |
| Transcribing agency |
PNEC |
| 042 ## - AUTHENTICATION CODE |
| Authentication code |
lccopycat |
| 050 00 - LIBRARY OF CONGRESS CALL NUMBER |
| Classification number |
TJ241 |
| Item number |
.M325 2003 |
| 082 00 - DEWEY DECIMAL CLASSIFICATION NUMBER |
| Classification number |
621.8 DAS |
| Edition number |
22 |
| 100 ## - MAIN ENTRY--PERSONAL NAME |
| 9 (RLIN) |
283 |
| Personal name |
Dashchenko, Anatoli |
| 245 00 - TITLE STATEMENT |
| Title |
Manufacturing technologies for machines of the future : |
| Remainder of title |
21st century technologies / |
| Statement of responsibility, etc. |
Anatoli Dashchenko (editor). |
| 260 ## - PUBLICATION, DISTRIBUTION, ETC. |
| Place of publication, distribution, etc. |
Berlin ; |
| -- |
New York : |
| Name of publisher, distributor, etc. |
Springer, |
| Date of publication, distribution, etc. |
c2003. |
| 300 ## - PHYSICAL DESCRIPTION |
| Extent |
xxx, 820 p. : |
| Other physical details |
ill. ; |
| Dimensions |
25 cm. |
| 500 ## - GENERAL NOTE |
| General note |
http://www.amazon.com/Manufacturing-Technologies-Machines-Future-Century/dp/3540434925/ref=sr_1_1?s=books&ie=UTF8&qid=1410597936&sr=1-1&keywords=3540434925 |
| 504 ## - BIBLIOGRAPHY, ETC. NOTE |
| Bibliography, etc. note |
Includes bibliographical references. |
| 538 ## - SYSTEM DETAILS NOTE |
| System details note |
System requirements: IBM PC or compatible computer; Pentium, 64 MB RAM and higher; Windows 95/98/2000/NT/ME/XP; Mediaplayer 6.4.1 or higher; CD-ROM drive. |
| 650 #0 - SUBJECT ADDED ENTRY--TOPICAL TERM |
| Topical term or geographic name entry element |
Machinery industry |
| General subdivision |
ME, IME |
| 650 #0 - SUBJECT ADDED ENTRY--TOPICAL TERM |
| Topical term or geographic name entry element |
Metal-work |
| General subdivision |
Technological innovations. |
| 650 #0 - SUBJECT ADDED ENTRY--TOPICAL TERM |
| Topical term or geographic name entry element |
Production engineering |
| General subdivision |
Technological innovations. |
| 700 1# - ADDED ENTRY--PERSONAL NAME |
| Personal name |
Dashchenko, A. I. |
| Fuller form of name |
(Anatoliĭ Iosifovich) |
| 856 42 - ELECTRONIC LOCATION AND ACCESS |
| Materials specified |
Publisher description |
| Uniform Resource Identifier |
<a href="http://www.loc.gov/catdir/enhancements/fy0817/2004274728-d.html">http://www.loc.gov/catdir/enhancements/fy0817/2004274728-d.html</a> |
| 856 41 - ELECTRONIC LOCATION AND ACCESS |
| Materials specified |
Table of contents only |
| Uniform Resource Identifier |
<a href="http://www.loc.gov/catdir/enhancements/fy0817/2004274728-t.html">http://www.loc.gov/catdir/enhancements/fy0817/2004274728-t.html</a> |
| 906 ## - LOCAL DATA ELEMENT F, LDF (RLIN) |
| a |
7 |
| b |
cbc |
| c |
copycat |
| d |
2 |
| e |
ncip |
| f |
20 |
| g |
y-gencatlg |
| 942 ## - ADDED ENTRY ELEMENTS (KOHA) |
| Source of classification or shelving scheme |
|
| Koha item type |
Book |